000 00826cab a2200277 4500
001 ABS60579
008 090401t1999 xxu||||| |||| 00| 0 eng d
035 _a(Sirsi) u92745
041 _aeng
100 _aBrown, P.
245 _aMaterial change in circumstances
260 _c1999
350 _a0
490 _aIRRV Insight
_v(8) April 1999, 12-13(2)
520 _aExamines the factors that can be taken into account when undertaking a valuation on the basis of tone of the list. Case law.
650 _aADDIS V CLEMENTS
650 _aK SHOE SHOPS V HARDY
650 _aLOCAL GOVERNMENT FINANCE ACT 1988 S121
650 _aPHYSICAL FACTORS
650 _aRATING APPEALS
650 _aTONE OF THE LIST
650 _aValuation
_96273
690 _aRATING AND VALUATION
942 _n0
948 _c15/04/1999
999 _c58785
_d58785